| 000 | 00550nab a2200205 a 4500 | ||
|---|---|---|---|
| 005 | 20210219155132.0 | ||
| 008 | 991125s1985 mx 000 0 spa u | ||
| 035 | _aUPN01000139018 | ||
| 100 | 1 | _aEcheverría, Javier | |
| 222 | _aREVISTA DE EDUCACION | ||
| 245 | _aeducación y nuevas tecnologias : el plan europeo e-learning | ||
| 260 | _aMadrid, España | ||
| 300 | _a201-210 | ||
| 362 | 0 | _a2001 No. Extraordinario | |
| 653 | 0 | _aINTERNET | |
| 653 | 0 | _aCOMPUTADORA | |
| 653 | 0 | _aAPRENDIZAJE | |
| 653 | 0 | _aINFORMACION | |
| 905 | _aArticulo | ||
| 999 |
_c111166 _d111166 |
||